000 00700nam a22002172 4500
001 0000009247
005 20151217145848.0
008 080916s xx 000 0 eng d
020 _a0421716902 :
_cKES 3880
040 _aKABU
_cKABU
100 1 _aSmith, John.
_@0000160391
245 1 0 _aSmith and Thomas :
_ba case book on contract /
_cJohn Smith.
250 _a11th ed.
260 _aLondon :
_bSweet & Maxwell,
_c2000.
300 _axxxv, 754 p.
650 0 _aContracts
_xCases
_zGreat Britain.
_@0000160392
852 1 _9p4075 KSH
908 _a080916
950 _@1
999 _c3405
_d3405